Von dem Glück, als Herr Janosch überlebt zu haben

Titel: Von dem Glück, als Herr Janosch überlebt zu haben / Janosch
Beteiligt:
Ausgabe: 1. Auflage
Veröffentlicht: Gifkendorf : Merlin, 1994
Umfang: 189 Seiten : Illustrationen
Format: Buch
Sprache: Deutsch
RVK-Notation:
Schlagworte:
ISBN: 3926112255
Buchumschlag
X
Lokale Klassifikation: 2 J 835
alg: 3395637
001A    $06000:20-02-95 
001B    $01999:15-01-25 $t11:09:13.000 
001D    $00000:00-00-00 
001U    $0utf8 
001X    $00 
002@    $0Aaxc 
002C    $aText $btxt $2rdacontent 
002D    $aohne Hilfsmittel zu benutzen $bn $2rdamedia 
002E    $aBand $bnc $2rdacarrier 
003@    $0033956375 
003O    $037715032 $aOCoLC 
004A    $03-926112-25-5 
006G    $0943196612 
006U    $095,A09,1458 
007A    $0943196612 $aDNB 
007I    $0jubufo:000078968 
007T    $0Herdhh033956375 
009P    $qapplication/pdf $A2 $3Inhaltsverzeichnis $uhttp://scans.hebis.de/HEBCGI/show.pl?03395637_toc.pdf $mV:DE-605;X:Imageware 
010@    $ager 
011@    $a1994 $n1994 
013D    $RAutobiografische Literatur $RBiografie $RErlebnisbericht $RQuelle $RTagebuch $#Autobiography $#Autobiographie $#Autobiographies $#Autobiographies $#Autobiographie $#Autobiographisches Erzählen $#Autobiografisches Erzählen $#Erinnerungen Formschlagwort $#Lebenserinnerungen $#Memoiren $#Selbstbiographie $#Selbstbiografie $#Autobiographik $#Autobiografik $74003939-0 $8Autobiografie [Ts1] $9085002275 
013D    $#Catalogues raisonnés $#Catalogues raisonnés $#Werkkatalog $#Oeuvrekatalog $#Oeuvre-Verzeichnis $#Thematischer Katalog Formschlagwort $#Thematisches Verzeichnis Formschlagwort $74189680-4 $8Werkverzeichnis [Ts1] $9085937487 
021A    $aVon dem Glück, als Herr Janosch überlebt zu haben $hJanosch 
028C    $#Janosch $#Gianos $#Janoš $#Janošs $#Jānoshu $#Yān'aj $#Yānoshu $#Yanozu $#Yaruoshi $#Yanoš $#Ya nuo shi $#Yanuoshi $#Ya no swi $#Yanoswi $#Eckert, Horst $#Yanosh $#Janaš $#Janosch-Rose, ... $#ינוש $#亞諾士 $#雅诺什 $#ヤノッシュ $7118556940 $8$PJanosch$Z1931- [Tp1] $9086897977 
032@    $a1. Auflage 
033A    $pGifkendorf $nMerlin 
034D    $a189 Seiten 
034M    $aIllustrationen 
037A    $aWerkeverzeichnis Seite 149 - 161 
044K    $qDNB $#Janosch $#Gianos $#Janoš $#Janošs $#Jānoshu $#Yān'aj $#Yānoshu $#Yanozu $#Yaruoshi $#Yanoš $#Ya nuo shi $#Yanuoshi $#Ya no swi $#Yanoswi $#Eckert, Horst $#Yanosh $#Janaš $#Janosch-Rose, ... $#ינוש $#亞諾士 $#雅诺什 $#ヤノッシュ $7118556940 $8$PJanosch$Z1931- [Tp1] $9086897977 
044K    $qDNB $RGrafik $RDruckgrafiker $#Engraving $#Prints $#Gravure $#Estampe $#Stampe $#Druckgraphik $74113357-2 $8Druckgrafik [Ts1] $9085334588 
045E    $a46 $a03 
045Z    $8LI 99999 [Tkv] $9409939021 

lok: 3395637 3
101B    $007-08-21 $t01:40:26.000 
101C    $007-08-21 
101U    $0utf8 
145Z/90 $aSekundärliteratur 

exp: 3395637 3 1 #EPN
201B/01 $022-10-21 $t15:50:57.000 
201C/01 $007-08-21 
201U/01 $0utf8 
203@/01 $0116463500X 
208@/01 $a02-04-12 $brJb 
209A/01 $aG II/94/8 $ds $f152 $hG 2 94 8 $x00 
209C/01 $a97/2954 
244Z/01 $8--Trx--Janosch $x01 $9482356537 
247C/01 $8601152-4 <30/152>Frankfurt, Universitätsbibliothek J. C. Senckenberg, BzG, Bibliothek für Jugendbuchforschung $9102598827 

lok: 3395637 24
101B    $004-12-02 $t10:53:29.183 
101C    $002-11-95 
145Z/01 $a2 J 835 
101U    $0utf8 

exp: 3395637 24 1 #EPN
201B/01 $011-04-12 $t14:51:58.000 
201C/01 $002-11-95 
201U/01 $0utf8 
203@/01 $0090135717 
208@/01 $a02-11-95 $bz 
209A/01 $a95.2091 $du $f050 $h95 2091 $x00 
209C/01 $a95.2091 K $h95 2091 K 
209G/01 $a72366123 $x00 
244Z/01 $#Janosch $#Gianos $#Janoš $#Janošs $#Jānoshu $#Yān'aj $#Yānoshu $#Yanozu $#Yaruoshi $#Yanoš $#Ya nuo shi $#Yanuoshi $#Ya no swi $#Yanoswi $#Eckert, Horst $#Yanosh $#Janaš $#Janosch-Rose, ... $#ינוש $#亞諾士 $#雅诺什 $#ヤノッシュ $7118556940 $8--Tp1--$PJanosch$Z1931- $x01 $9086897977 
247C/01 $8358050-7 Marburg, Bibliothek des Herder-Instituts Marburg $9102600961 

lok: 3395637 78

exp: 3395637 78 1 #EPN
201B/01 $019-04-17 $t16:50:51.000 
201U/01 $0utf8 
203@/01 $0792792793 
208@/01 $a12-11-16 $be 
209A/01 $a/ $f000 $x00 
237A/01 $aweiterführende Signatur(en): Herder-Institut: 95.2091 
244Z/01 $2Trx $#dzieło zbiorowe $8--Trx--Sammelwerk $x01 $9391384597 
247C/01 $82080>Marburg/Lahn, Herder-Institut, Forschungsbibliothek, Bibliographieportal $9336309341
LEADER 00000cam a22000002c 4500
001 033956375
003 DE-603
005 20250115110913.0
007 tu
008 950220s1994 xx |||| | u00||u|ger
015 |a 95,A09,1458  |2 dnb 
016 7 |2 DE-101  |a 943196612 
020 |a 3926112255 
035 |a (DE-599)DNB943196612 
035 |a (OCoLC)37715032 
040 |a DE-603  |b ger  |c DE-603  |d DE-603 
041 |a ger 
084 |a 46  |a 03  |q DE-101  |2 sdnb 
084 |a LI 99999  |0 (DE-625)97471:  |0 (DE-603)409939021  |2 rvk 
245 0 0 |a Von dem Glück, als Herr Janosch überlebt zu haben  |c Janosch 
250 |a 1. Auflage 
264 1 |a Gifkendorf  |b Merlin  |c 1994 
300 |a 189 Seiten  |b Illustrationen 
336 |a Text  |b txt  |2 rdacontent 
337 |a ohne Hilfsmittel zu benutzen  |b n  |2 rdamedia 
338 |a Band  |b nc  |2 rdacarrier 
500 |a Werkeverzeichnis Seite 149 - 161 
600 0 7 |a Janosch  |d 1931-  |0 (DE-588)118556940  |0 (DE-603)086897977  |2 gnd 
650 7 |a Druckgrafik  |0 (DE-588)4113357-2  |0 (DE-603)085334588  |2 gnd 
655 7 |a Autobiografie  |2 gnd-content  |0 (DE-588)4003939-0  |0 (DE-603)085002275 
655 7 |a Werkverzeichnis  |2 gnd-content  |0 (DE-588)4189680-4  |0 (DE-603)085937487 
700 0 |a Janosch  |d 1931-  |0 (DE-603)086897977  |0 (DE-588)118556940  |2 gnd 
856 4 2 |m V:DE-605;X:Imageware  |q application/pdf  |u http://scans.hebis.de/HEBCGI/show.pl?03395637_toc.pdf  |3 Inhaltsverzeichnis 
924 0 |9 30/152  |a (DE-603)116463500X  |b DE-30-152  |c HES  |d d  |g G II/94/8 
924 0 |9 Mb 50  |a (DE-603)090135717  |b DE-Mb50  |c HES  |d c  |g 95.2091 
924 0 |9 2080  |a (DE-603)792792793  |b DE-2080  |c HES  |d d  |g /